|
|
|
|
| LEADER |
01960nam a2200433 i 4500 |
| 001 |
EBC2097963 |
| 003 |
MiAaPQ |
| 005 |
20200520144314.0 |
| 006 |
m o d | |
| 007 |
cr cnu|||||||| |
| 008 |
181231s2014 xx ob 001 0 eng d |
| 020 |
|
|
|z 9781604915303
|
| 020 |
|
|
|a 9781604915310
|q (electronic bk.)
|
| 035 |
|
|
|a (MiAaPQ)EBC2097963
|
| 035 |
|
|
|a (Au-PeEL)EBL2097963
|
| 035 |
|
|
|a (OCoLC)922281074
|
| 040 |
|
|
|a MiAaPQ
|b eng
|e rda
|e pn
|c MiAaPQ
|d MiAaPQ
|
| 050 |
|
4 |
|a HD57.7
|b .L634 2014
|
| 082 |
0 |
|
|a 658.4/092
|2 23
|
| 100 |
1 |
|
|a Lobell, Jean,
|e author.
|
| 245 |
1 |
0 |
|a Meeting the job challenges of nonprofit leaders :
|b a fieldbook on strategies and action /
|c Jean Lobell, Mohan Sikka, and Pavitra Menon.
|
| 250 |
|
|
|a First Edition.
|
| 264 |
|
1 |
|a [Place of publication not identified] :
|b Community Resource Exchange :
|b Center for Creative Leadership,
|c [2014]
|
| 264 |
|
4 |
|c 2014
|
| 300 |
|
|
|a 1 online resource (85 pages)
|
| 336 |
|
|
|a text
|b txt
|2 rdacontent
|
| 337 |
|
|
|a computer
|b c
|2 rdamedia
|
| 338 |
|
|
|a online resource
|b cr
|2 rdacarrier
|
| 504 |
|
|
|a Includes bibliographical references and index.
|
| 588 |
|
|
|a Description based on print version record.
|
| 590 |
|
|
|a Electronic reproduction. Ann Arbor, MI : ProQuest, 2018. Available via World Wide Web. Access may be limited to ProQuest affiliated libraries.
|
| 650 |
|
0 |
|a Leadership.
|
| 650 |
|
0 |
|a Nonprofit organizations
|x Management.
|
| 655 |
|
4 |
|a Electronic books.
|
| 700 |
1 |
|
|a Sikka, Mohan,
|d 1966-
|e author.
|
| 700 |
1 |
|
|a Menon, Pavitra,
|e author.
|
| 776 |
0 |
8 |
|i Print version:
|a Lobell, Jean.
|t Meeting the job challenges of nonprofit leaders : a fieldbook on strategies and action.
|d [Place of publication not identified] : Community Resource Exchange ; Center for Creative Leadership, c2014
|h 85 pages
|z 9781604915303
|w (DLC) 2014031775
|
| 797 |
2 |
|
|a ProQuest (Firm)
|
| 856 |
4 |
0 |
|u https://ebookcentral.proquest.com/lib/matrademy/detail.action?docID=2097963
|z Click to View
|